Los autonautas de la cosmopista o un viaje atemporal parís-marsella /
Guardado en:
| Autor Principal: | |
|---|---|
| Otros Autores: | |
| Formato: | Libro |
| Publicado: |
Madrid :
Muchnik,
1984
|
| Edición: | 2a. |
| Materias: | |
| Etiquetas: |
Agregar Etiqueta
Sin Etiquetas, Sea el primero en etiquetar este registro!
|
| LEADER | 00602nam a22002055a 4500 | ||
|---|---|---|---|
| 001 | CEM.cems013906 | ||
| 008 | 130507s1984##################000#0#####d | ||
| 005 | 20210705090415.0 | ||
| 003 | CEMS | ||
| 245 | 1 | 0 | |a Los autonautas de la cosmopista o un viaje atemporal parís-marsella / |c Julio Cortázar, Carol Dunlop |
| 250 | |a 2a. | ||
| 260 | |a Madrid : |b Muchnik, |c 1984 | ||
| 300 | |a 274 p. | ||
| 590 | |a 1051.013 | ||
| 100 | 1 | |a Cortázar, Julio | |
| 700 | 1 | |a Dunlop, Carol | |
| 653 | |a Literatura | ||
| 653 | |a Literatura argentina | ||
| 653 | |a Biblioteca TC | ||
| 859 | |a CEMS |b BIB. CEMS - 11 de abril |h TC |p 1051.013 |t Ej.1 | ||
